[Event "UZB-ch Men 2020"]
[Site "Tashkent"]
[Date "2020.03.14"]
[Round "3.2"]
[White "Yakubboev, Nodirbek"]
[Black "Rakhmatullaev, Almas"]
[Result "1-0"]
[WhiteElo "2591"]
[BlackElo "2182"]
[Annotator "TA"]
[PlyCount "119"]
[EventDate "2020.03.11"]
[EventType "tourn"]
[EventCountry "UZB"]
[SourceTitle "playchess.com"]
[Source "ChessBase"]
[SourceQuality "1"]

{[%evp 17,119,0,0,0,15,8,25,-8,14,12,9,14,22,20,41,41,37,37,27,42,72,69,75,73,76,25,62,67,66,63,68,43,152,160,140,141,156,144,175,187,190,175,189,180,276,275,257,192,192,189,185,165,214,207,206,213,209,217,214,212,212,214,218,212,216,208,207,205,201,193,194,193,215,196,195,196,219,196,199,194,198,193,184,176,215,209,229,223,310,314,320,314,397,397,395,389,454,452,487,487,477,459,460,399]} 1. e4 e6 2. d3 d5 3. Nd2 Nf6 4. Ngf3 c5 5. g3 Nc6 6. Bg2 Be7 7. O-O O-O 8. Re1 b5 9. exd5 exd5 10. a4 {C00: French: Unusual White 2nd moves.} bxa4 11. Rxa4 Re8 {[#]} 12. Nb3 $146 {White has an edge.} ({Predecessor:} 12. b3 a5 13. Bb2 Bd7 14. Rf4 h6 15. Nh4 Nb4 16. Nf5 Bxf5 17. Rxf5 a4 18. bxa4 Rxa4 {1-0 (54) Petrosian,T (2639)-Danielian,E (2467) Yerevan 2014}) 12... Bd7 13. Ra6 Qc8 14. Ra1 h6 15. Be3 d4 16. Bd2 Bh3 17. Bxh3 Qxh3 18. Na5 Qc8 19. Nxc6 Qxc6 20. Ne5 Qb7 21. b3 (21. Qf3 $16 Qxb2 22. Bxh6 $1 {[%mdl 512]}) 21... Bf8 22. Qf3 Nd5 23. Nc4 Qd7 24. Re4 f5 {White now steadily converts the win.} (24... Nb6 $14) 25. Re5 $36 {[%mdl 2048] White is on the roll.} Rxe5 26. Nxe5 Qe6 27. Nc4 {Ra6! is the strong threat.} Qf7 28. Re1 Rd8 29. Ba5 Rc8 30. Re5 Ne7 (30... Nf6 $142 31. Rxf5 (31. Qxf5 Nd7 $16) 31... Re8) 31. Qb7 $18 {Threatens to win with Rxe7!} Qe8 32. Qxa7 Nc6 33. Rxe8 Nxa7 34. Re5 Nc6 35. Rxf5 Nxa5 36. Nxa5 {[%mdl 4096] Endgame KRB-KRN} Ra8 37. Nb7 Ra2 38. Nxc5 Rxc2 39. Ne6 Be7 40. Nxd4 Rc3 41. Rf3 Bf6 42. Ne2 Rxb3 43. h4 Ra3 44. Kg2 Ra4 45. Nf4 Ra5 46. Re3 Kf7 47. Re4 g5 48. hxg5 hxg5 49. Ne2 Ra3 {[#]} 50. Re3 $1 Ra2 51. Kf3 Bd8 52. Nc3 Rc2 53. Ne4 Kg6 54. Kg4 Rc1 55. Re2 Rd1 56. Rd2 Re1 57. f3 {White is clearly winning.} Re3 58. d4 Rb3 59. d5 Ra3 60. d6 {Accuracy: White = 90%, Black = 69%.} 1-0

[Event "UZB-ch Men 2020"]
[Site "Tashkent"]
[Date "2020.03.14"]
[Round "3.3"]
[White "Saydaliev, Saidakbar"]
[Black "Nigmatov, Ortik"]
[Result "1-0"]
[WhiteElo "2384"]
[BlackElo "2447"]
[Annotator "TA"]
[PlyCount "35"]
[EventDate "2020.03.11"]
[EventType "tourn"]
[EventCountry "UZB"]
[SourceTitle "playchess.com"]
[Source "ChessBase"]
[SourceQuality "1"]

{[%evp 9,35,35,35,48,48,38,31,19,28,13,5,16,17,-7,-16,-23,-12,-18,0,-43,0,0,0,0,0,0,16,14]} 1. e4 c5 2. Nf3 Nc6 3. Bb5 e5 4. O-O Bd6 5. c3 a6 6. Ba4 {B30: Sicilian: 2...Nc6 3 Bb5, lines without ...g6.} b5 7. Bc2 Nge7 8. a4 {And now axb5 would win.White is slightly better.} b4 9. d4 cxd4 10. cxd4 exd4 {[#]} 11. Nxd4 $146 ({Predecessor:} 11. Nbd2 Bc5 12. Nb3 d6 13. Nfxd4 Ne5 14. Bg5 f6 15. Bh4 O-O 16. f4 N5g6 17. Bg3 {½-½ (38) Mammadova,G (2355)-Khukhashvili,S (2301) Batumi 2018}) 11... Nxd4 12. Qxd4 {[%mdl 64] [#] Double Attack} Qc7 $1 {[%csl LRc2,LRh2]} 13. h3 a5 14. Bb3 Be5 15. Qc4 {The position is equal.} Qxc4 16. Bxc4 Bb7 17. Nd2 Ng6 18. Bb5 {[%mdl 32768] Accuracy: White = 100%, Black = 91%. . Loss on time!?} 1-0

[Event "UZB-ch Men 2020"]
[Site "Tashkent"]
[Date "2020.03.14"]
[Round "3.4"]
[White "Vokhidov, Shamsiddin"]
[Black "Sindarov, Javokhir"]
[Result "1-0"]
[WhiteElo "2512"]
[BlackElo "2557"]
[Annotator "TA"]
[PlyCount "119"]
[EventDate "2020.03.11"]
[EventType "tourn"]
[EventCountry "UZB"]
[SourceTitle "playchess.com"]
[Source "ChessBase"]
[SourceQuality "1"]

{[%evp 33,119,0,20,14,1,8,61,50,62,0,0,-29,0,0,-7,0,50,47,58,12,12,19,18,11,20,20,39,50,41,59,100,38,63,0,0,0,74,72,85,75,81,0,0,0,38,57,739,756,786,775,695,587,566,486,428,425,614,585,756,714,728,727,666,659,959,936,1152,1117,787,738,1338,1052,1302,1253,1845,1875,1724,1702,2023,1031,12838,12837,12838,12839,29989,29990,29990,29991]} 1. e4 e5 2. Nf3 Nc6 3. Bb5 a6 4. Ba4 Nf6 5. O-O Be7 6. Re1 b5 7. Bb3 d6 8. c3 O-O 9. h3 Bb7 10. d4 Re8 11. a4 h6 12. Nbd2 Bf8 13. Bc2 exd4 14. cxd4 Nb4 15. Bb1 c5 16. d5 Nd7 17. Ra3 c4 {17...c4 scores better than 17...f5.} 18. Ree3 {C92: Closed Ruy Lopez: 9...Be6, Karpov and Flohr-Zaitsev Variations.} Nc5 19. b3 {[#]} f5 $1 {[%mdl 512]} 20. bxc4 $14 {White is slightly better.} (20. exf5 Nxd5) 20... bxc4 21. exf5 {[#]} (21. Rec3 $1 $14) 21... Bxd5 $146 ({Predecessor:} 21... Rxe3 22. Rxe3 Nxd5 23. Ra3 Qf6 24. Qc2 c3 25. Nc4 Nb4 26. Qxc3 Qxc3 27. Rxc3 Nxa4 {½-½ (94) Wahls,M (2540)-Stern,R (2370) Binz 1994}) 22. Nf1 Nbd3 23. Rxe8 Qxe8 24. Be3 $1 Qf7 25. Bxc5 Nxc5 26. Ne3 Be4 27. Bxe4 Nxe4 28. Ra1 Rc8 29. Rc1 Nf6 30. Nd4 d5 31. Ne6 $1 $36 {[%mdl 2048] White is more active.} Ba3 {[#]} 32. Rc2 (32. Rb1 $1 $16) 32... Qb7 33. Qd4 (33. Nf4 $1 $14) 33... Qb1+ 34. Kh2 $1 Qb8+ (34... Rb8 $11 {remains equal.}) 35. g3 $16 Qb7 36. a5 Rb8 37. Nd1 (37. Nf4 $16) 37... Qd7 $11 38. Ne3 {[%cal Bd1e3,Be3g4,Bg4e5][%mdl 32]} Rb5 39. Ng4 Be7 $2 {[%mdl 8192] [#] This costs Black the game.} (39... Qf7 $14) 40. Rxc4 $1 $18 {[%mdl 512]} Rb7 (40... dxc4 41. Nxf6+) 41. Ne5 Qe8 42. Rc2 Kh7 43. Qd3 Qa8 44. Ng4 Nxg4+ (44... d4 $142 45. Qf3 Rb8 46. Qxa8 (46. Nxd4 Qxf3 47. Nxf3 Rb5 $16) 46... Rxa8) 45. hxg4 {Hoping for f6+.} Bf6 46. Qxd5 Rb8 47. Qxa8 Rxa8 {[%mdl 4096] Endgame KRB-KRN} 48. Rc6 Be7 49. Rc7 Bf6 {[#]} 50. Nxg7 $1 {[%mdl 512]} Be5 (50... Bxg7 51. f6) 51. Rb7 Bc3 52. Nh5+ Kg8 53. f6 Rc8 54. f4 Rc5 55. Kh3 Bxa5 56. Ra7 Rc6 57. g5 {White threatens g6 and mate.} hxg5 58. fxg5 Rc5 59. Rg7+ Kf8 60. Nf4 {Accuracy: White = 79%, Black = 39%.} 1-0

[Event "UZB-ch Men 2020"]
[Site "Tashkent"]
[Date "2020.03.14"]
[Round "4.1"]
[White "Nigmatov, Ortik"]
[Black "Vokhidov, Shamsiddin"]
[Result "1/2-1/2"]
[WhiteElo "2447"]
[BlackElo "2512"]
[Annotator "TA"]
[PlyCount "36"]
[EventDate "2020.03.11"]
[EventType "tourn"]
[EventCountry "UZB"]
[SourceTitle "playchess.com"]
[Source "ChessBase"]
[SourceQuality "1"]

{[%evp 9,23,17,30,20,21,26,27,18,25,14,26,0,3,6,19,0]} 1. e4 e5 2. Nf3 Nc6 3. Bc4 Bc5 4. c3 Nf6 5. d3 a6 6. a4 {C54: Giuoco Piano: 4 c3 Nf6, main lines with 5 d4 and 5 d3.} d6 7. O-O Ba7 8. Re1 {White has an edge.} O-O {8...0-0 scores better than 8...h6.} 9. h3 h6 10. a5 Ne7 11. d4 Ng6 12. Nbd2 {An uneventful encounter. Accuracy: White = 100%, Black = 100%.} Re8 13. Qb3 {[#]} Qe7 $146 ({Predecessor:} 13... Qd7 14. Qc2 Qd8 15. dxe5 Nxe5 16. Nxe5 dxe5 17. Nf1 Nh5 18. Rd1 Qf6 {½-½ (28) Chazalette,J (2345)-Pinchon,F (2320) ICCF email 2017}) 14. Nf1 Nh5 15. Be3 Qf6 16. dxe5 Nxe5 17. Nxe5 Rxe5 18. Bxa7 Rxa7 {0-1 (36) Nigmatov,O (2447)-Vokhidov,S (2512) Tashkent 2020} 1/2-1/2

[Event "UZB-ch Men 2020"]
[Site "Tashkent"]
[Date "2020.03.14"]
[Round "4.2"]
[White "Rakhmatullaev, Almas"]
[Black "Saydaliev, Saidakbar"]
[Result "0-1"]
[WhiteElo "2182"]
[BlackElo "2384"]
[Annotator "TA"]
[PlyCount "64"]
[EventDate "2020.03.11"]
[EventType "tourn"]
[EventCountry "UZB"]
[SourceTitle "playchess.com"]
[Source "ChessBase"]
[SourceQuality "1"]

{[%evp 21,64,-30,-11,-50,-41,-57,-58,-58,-43,-56,-56,-56,-34,-85,-52,-69,-65,-143,-151,-170,-89,-168,-159,-140,-117,-122,-95,-174,-41,-389,-388,-510,-502,-496,-448,-391,-301,-296,-281,-286,-279,-1317,-1275,-1204,-1181]} 1. e4 c5 2. Nf3 d6 3. d4 cxd4 4. Qxd4 Nc6 5. Bb5 Bd7 6. Bxc6 Bxc6 7. Nc3 Nf6 8. Bg5 e6 9. O-O-O Be7 10. Rhe1 O-O 11. Qd2 h6 {has lost popularity (11...Qc7).} 12. Bxf6 {B53: Sicilian: 2...d6: Lines with Qxd4.} (12. Bf4 {is interesting.} e5 13. Bg3 b5 14. Bh4 Qb6 15. Bxf6 Bxf6 16. Qe2) 12... Bxf6 13. Nd4 Rc8 14. Kb1 {Black is slightly better.} a6 15. f4 b5 {[%cal Bb7b5,Bb5b4][%mdl 32] [#]} 16. Qe3 $146 ({Predecessor:} 16. Nxc6 Rxc6 17. e5 dxe5 18. fxe5 Qxd2 19. Rxd2 Bd8 20. Rd6 Rxd6 21. exd6 Ba5 22. Rd1 {½-½ (30) Marosi,C (2185)-Racz,Z (2293) Hungary 2000}) 16... b4 17. Nce2 (17. Nxc6 $15 Rxc6 18. Na4) 17... Qc7 18. Rd2 Bb7 19. Red1 ({White should try} 19. Nf3 $15) 19... Qc5 $17 20. Qf3 Rfd8 (20... a5 $19 21. Nb3 Qc7) 21. g4 (21. Nb3 $17 Qc7 22. Ng3) 21... e5 $19 22. Nb3 Qb6 23. Ng3 exf4 24. Nf5 (24. Nh5 $17 Be5 25. Nxf4) 24... Qc6 (24... Qc7 $19 {Threatens to win with ...d5!} 25. Qxf4 Bg5) 25. Na5 $2 {[%mdl 8192] This move loses the game for White.} ({White should play} 25. Qxf4 $15 Qxe4 26. Nxh6+ $1 {[%mdl 512]} Kf8 27. Qxe4 Bxe4 28. Rf1) 25... Qxe4 26. Qb3 Ba8 27. Nxd6 {[#]} Rxd6 $1 {[%mdl 512]} 28. Rxd6 Qe5 29. Nc4 {[#]} Rxc4 $1 {[%mdl 512]} 30. Rxf6 {[#]} (30. Qxc4 Qxb2#) 30... Bd5 $1 {Hoping for ...Rd4.} 31. Rxa6 $2 (31. Rf5 Rd4 32. Rc1 Qxf5 33. gxf5 Bxb3 34. axb3) 31... Rd4 {[%cal Rd4d1][%mdl 64] Discovered Attack} 32. c4 bxc3 {Accuracy: White = 39%, Black = 67%.} 0-1

[Event "UZB-ch Men 2020"]
[Site "Tashkent"]
[Date "2020.03.14"]
[Round "4.3"]
[White "Artemenko, Oleg"]
[Black "Yakubboev, Nodirbek"]
[Result "0-1"]
[WhiteElo "2244"]
[BlackElo "2591"]
[Annotator "TA"]
[PlyCount "132"]
[EventDate "2020.03.11"]
[EventType "tourn"]
[EventCountry "UZB"]
[SourceTitle "playchess.com"]
[Source "ChessBase"]
[SourceQuality "1"]

{[%evp 9,131,0,-3,-20,-21,-20,13,14,10,-43,0,0,54,61,61,58,35,37,67,72,67,71,68,0,31,0,11,0,0,0,0,10,174,175,297,277,279,272,264,164,186,181,272,218,214,213,216,211,283,277,300,316,542,518,520,527,534,521,489,401,478,401,401,401,401,337,330,330,409,375,464,346,278,205,206,144,144,100,100,74,100,46,46,8,8,8,7,8,8,8,8,0,0,-262,-253,-418,-320,-371,-349,-381,-384,-1856,-1909,-1610,-1445,-29973,-4141,-4141,-29967,-9018,-4137,-4133,-4133,-29962,-6107,-29987,-29988,-29987,-29981,-29987,-29988,-29994,-29995,-29999]} 1. d4 Nf6 2. Nc3 d5 3. Bf4 a6 4. e3 e6 5. g4 Bb4 6. Bg2 {D00: 1 d4 d5: Unusual lines.} c5 7. g5 {[#]} Nfd7 $146 ({Predecessor:} 7... cxd4 8. exd4 Ng8 9. Nf3 Nc6 10. O-O Nge7 11. Ne2 O-O 12. c3 Bd6 13. Qd2 Ng6 {½-½ (57) Madaminov,M (2045)-Petkov,M (2333) Mumbai 2019}) 8. Nge2 {The position is equal.} Nc6 9. O-O ({White should play} 9. a3 $11 Bxc3+ 10. bxc3) 9... O-O 10. a3 Ba5 (10... Bxc3 $11 11. bxc3 (11. Nxc3 cxd4 12. exd4 Qb6 $14) 11... Nb6) 11. dxc5 $14 Bxc3 $1 12. Nxc3 Nxc5 13. Qh5 b6 14. Rad1 Bb7 15. b4 Nd7 16. Bd6 (16. e4 $5 {[%cal Re4d5]} d4 17. Bd6 $14) 16... Re8 17. e4 d4 18. Ne2 e5 19. f4 {White wants to play c3.} Re6 20. fxe5 g6 $2 (20... Ndxe5 $11 {and Black has nothing to worry.} 21. Bxe5 Nxe5) 21. Qh6 $18 {Hoping for Rxf7!} Qe8 (21... Ndxe5 $142 22. Bxe5 Rxe5) 22. Nf4 Ndxe5 23. Bxe5 ({Don't play} 23. Nxe6 Qxe6 24. Bxe5 Nxe5 $18) 23... Nxe5 24. Nxe6 $40 {[%mdl 128] White goes for the king.} Qxe6 25. Rxd4 b5 (25... Qg4 $142 26. Kh1 Re8) 26. Kh1 Re8 27. Qh3 Qe7 28. Qg3 Bc8 29. Qf4 Nc4 30. Qf6 Be6 $2 (30... Qxf6 {keeps fighting.} 31. gxf6 (31. Rxf6 Nxa3 32. Rc6 h6 $18) 31... h5) 31. Rfd1 Qxf6 32. gxf6 h5 33. Rd8 Rxd8 34. Rxd8+ {[%mdl 4096] Endgame KRB-KBN} Kh7 35. Ra8 Nxa3 36. c3 Nb1 37. Rxa6 Nxc3 38. Bf1 g5 39. e5 g4 40. Kg1 Nd5 41. Bxb5 {Black must now prevent Bd3+.} Nxb4 42. Ra4 Nd5 43. Ra8 {Strongly threatening Bd3+.} Kg6 44. Bd3+ Kg5 45. Re8 ({White should try} 45. Bc4 $16) 45... Nb6 $1 $14 46. Kf2 {Ke3 is the strong threat.} Nd7 47. Rg8+ Kf4 48. Rh8 Nxe5 49. Be2 Kg5 50. Kg3 Ng6 51. h4+ $2 {[%mdl 8192]} (51. Ra8 $11 {and White stays safe.}) 51... Nxh4 $19 52. Bd3 $2 (52. Kf2 {was called for.}) 52... Nf3 53. Be4 h4+ 54. Kf2 Ne5 55. Kg2 $2 (55. Bb7) 55... Kf4 56. Bb7 h3+ 57. Kg1 g3 (57... Nf3+ $142 58. Kh1 g3 59. Rg8 g2+ 60. Rxg2 hxg2+ 61. Kxg2 Nd2 62. Kf2 Ne4+ 63. Ke1 Nxf6 64. Bg2 Ne4 65. Ke2 Bg4+ 66. Kd3 Bh3 $1 {[%mdl 512]} 67. Bxe4 Bf5 68. Bxf5 Kxf5 69. Ke3 Kg4 70. Kf2 Kf4 71. Ke2 Kg3 72. Kd3 f5 73. Ke2 f4 74. Kf1 Kf3 75. Ke1 Kg2 76. Kd1 f3 77. Kc2 f2 78. Kc3 f1=Q 79. Kb4 Kf3 80. Kc5 Ke4 81. Kd6 Qc4 82. Ke7 Kf5 83. Kd7 Qc5 84. Ke8 Qc7 85. Kf8 Kf6 86. Kg8 Qg7#) 58. Rh4+ Bg4 59. Kh1 {[#]} Kg5 $1 60. Rh8 Kxf6 61. Rg8 Kf5 62. Bc8+ Kf4 {Black mates.} 63. Bb7 f5 64. Rh8 Nf3 {[%csl Gh3][%cal Rg3g2]} 65. Rxh3 Bxh3 {[%csl Gh3][%cal Rg3g2]} 66. Be4 g2# {Never resign too early! Accuracy: White = 54%, Black = 66%.} 0-1

[Event "UZB-ch Men 2020"]
[Site "Tashkent"]
[Date "2020.03.14"]
[Round "4.4"]
[White "Abdisalimov, Abdimalik"]
[Black "Madaminov, Mukhiddin"]
[Result "1-0"]
[WhiteElo "2397"]
[BlackElo "2226"]
[Annotator "TA"]
[PlyCount "157"]
[EventDate "2020.03.11"]
[EventType "tourn"]
[EventCountry "UZB"]
[SourceTitle "playchess.com"]
[Source "ChessBase"]
[SourceQuality "1"]

{[%evp 15,157,12,12,12,12,9,6,6,26,2,10,0,8,0,0,0,51,46,46,46,41,41,42,41,41,41,41,41,36,21,27,33,39,35,50,50,54,54,63,53,87,52,82,83,79,64,87,66,80,0,74,58,69,65,80,87,106,95,141,101,107,86,185,201,187,104,195,0,195,84,237,221,202,179,239,224,221,218,270,260,327,294,337,325,369,368,374,343,344,350,381,238,664,651,837,798,795,766,1458,1398,1483,1437,1479,1349,1310,818,1614,930,959,888,864,842,29968,29969,29991,29992,29992,29993,29993,29994,29994,29984,29983,29983,29988,29989,29988,29989,29992,29989,29992,29992,29992,29990,29990,29991,29991,29990,29990,29990,29990,29990,29990,29990]} 1. d4 Nf6 2. Nf3 e6 3. c4 b6 4. g3 Ba6 5. b3 Bb4+ 6. Bd2 Be7 7. Nc3 c6 8. e4 d5 $1 {[%cal Rd5e4]} 9. Bd3 $1 {[%mdl 4] is currently scoring better than 9.e5. E15: Queen's Indian: 4 g3 sidelines, 4 g3 Ba6 and 4 g3 Bb7 early deviations.} dxe4 10. Nxe4 Nbd7 11. Qe2 {The position is equal.} O-O 12. Rd1 Bb7 13. O-O c5 {[#]} 14. dxc5 $146 ({Predecessor:} 14. Bc3 Qc7 15. dxc5 Nxc5 16. Nxf6+ Bxf6 17. Bxf6 gxf6 18. Nd4 Qe5 19. Nb5 Bc6 20. f4 Qxe2 21. Bxe2 Bxb5 22. cxb5 {½-½ (26) Wilkinson,J (2300)-Thurlow,K (2234) ICCF email 2019}) 14... Nxc5 15. Nxc5 bxc5 ({Better is} 15... Bxc5 $11 16. b4 Be7) 16. Ne5 $14 Qc7 17. Bc3 Rad8 18. Bc2 h6 19. Bb1 Rxd1 20. Rxd1 Rd8 21. Rxd8+ Qxd8 22. a3 Qb6 23. Bc2 Qa6 24. Bb2 Ba8 25. Kf1 Qb7 {[%cal Rb7h1]} 26. f3 Bd6 27. Qd3 Be7 28. Ke2 h5 29. Bc3 Qc7 30. Qe3 Bd6 31. Bd3 Qb7 32. Bc2 Qc7 $1 33. Nd3 Be7 34. Nf4 h4 35. gxh4 Bd6 36. Nd3 Be7 37. Qg1 Nh5 38. Be5 Bd6 (38... Qc6 $16) 39. Qg5 $18 g6 40. Bd1 ({White should play} 40. Bxd6 $18 Qxd6 41. Qe5 Qxe5+ 42. Nxe5) 40... Kh7 (40... Ng7 $16) 41. Bc2 Kg8 42. h3 (42. Bxd6 $18 {has better winning chances.} Qxd6 43. Qe5 Qxe5+ 44. Nxe5) 42... Qc6 $2 {This move loses the game for Black.} (42... Bxe5 $16 43. Qxe5 (43. Nxe5 Qd6 $16) 43... Qb7) 43. Qd8+ $40 {[%mdl 128] White attacks with force.} Bf8 44. Ne1 f5 (44... Bb7 {was necessary.} 45. Be4 Qc8 46. Qxc8 Bxc8) 45. Bd1 Kf7 46. Kd2 Be7 47. Qb8 Bxh4 48. Qxa7+ Bb7 49. Nd3 Bg5+ 50. Kc3 Be7 51. b4 cxb4+ 52. axb4 Ba6 53. Bb3 Ke8 $2 {[#]} (53... Bb7 54. Bd1 Nf6) 54. b5 $1 {[%mdl 576] Decoy} Bxb5 55. Qb8+ {[%mdl 64] Double Attack} Kf7 56. Qxb5 Qxf3 57. c5 {Strongly threatening Qd7!} Nf6 58. c6 Ne4+ 59. Kb2 Qe2+ 60. Bc2 Nc5 61. Bd4 {Threatens to win with Ne5+.} Nxd3+ 62. Qxd3 Qh2 63. Qc3 {c7 is the strong threat.} Bd6 64. Bh8 {White mates.} e5 65. c7 Bxc7 66. Qxc7+ Ke6 67. Qc6+ Ke7 68. Qf6+ Kd7 69. Qxg6 e4 70. Qxf5+ {[%mdl 64] [#] Double Attack} Kd6 71. Bd4 e3 72. Bxe3 Kc6 73. Qe4+ Kd7 74. h4 Qb8+ 75. Bb3 Qh2+ 76. Kc3 Qc7+ 77. Kd3 Qd6+ 78. Qd4 Ke8 79. Ba4+ {Accuracy: White = 81%, Black = 60%.} 1-0

[Event "UZB-ch Men 2020"]
[Site "Tashkent"]
[Date "2020.03.15"]
[Round "5.1"]
[White "Yakubboev, Nodirbek"]
[Black "Abdisalimov, Abdimalik"]
[Result "1-0"]
[WhiteElo "2591"]
[BlackElo "2397"]
[Annotator "TA"]
[PlyCount "71"]
[EventDate "2020.03.11"]
[EventType "tourn"]
[EventCountry "UZB"]
[SourceTitle "playchess.com"]
[Source "ChessBase"]
[SourceQuality "1"]

{[%evp 14,71,43,25,22,23,19,18,32,18,27,37,53,56,44,44,46,41,47,45,72,76,77,76,78,54,56,24,43,54,52,32,120,110,107,93,129,68,155,67,69,66,233,254,256,247,245,222,5273,1622,29987,29988,29988,29984,29989,29990,29990,29991,29997,29998]} 1. d4 Nf6 2. c4 g6 3. Nc3 Bg7 4. e4 d6 5. f3 a6 6. Be3 c6 7. c5 O-O 8. Nge2 Nbd7 {E81: King's Indian: Sämisch: 6th move deviations (including 6 Be3 c6).} 9. Rc1 b5 10. cxb6 Nxb6 {The position is equal.} 11. Nf4 Nfd7 12. Be2 {[#]} c5 $146 ({Predecessor:} 12... e5 13. dxe5 dxe5 14. Nh3 Qe7 15. O-O Rd8 16. Nf2 Rb8 17. Qc2 Nf8 18. Rfd1 Ne6 19. Rxd8+ Qxd8 {0-1 (56) Remlinger,L (2309)-Abrahamyan,T (2304) Los Angeles 2013}) 13. dxc5 dxc5 14. Nfd5 Nxd5 15. Qxd5 (15. Nxd5 Bxb2 16. Rc2 Be5 $15) 15... Rb8 16. b3 Rb4 17. Qd2 $36 {[%mdl 2048] White is on the roll.} (17. Bxc5 Bb7 $11) 17... Bb7 18. Na4 {[%cal Bc3a4,Ba4b2,Bb2c4][%mdl 32]} Rd4 19. Bxd4 Bxd4 20. Nb2 e5 21. Nc4 f5 22. exf5 Qh4+ (22... gxf5 $14 23. g3 f4) 23. Kd1 {Threatens to win with fxg6.} gxf5 24. Kc2 e4 25. fxe4 ({White should try} 25. Rhf1 $16) 25... fxe4 (25... Bxe4+ $14 26. Bd3 Nf6) 26. Rcf1 (26. Rhf1 $16) 26... e3 $1 $14 {[%cal Re3d2]} 27. Rxf8+ Kxf8 $2 {This move loses the game for Black.} (27... Nxf8 $14 28. Nxe3 Qe4+ {[%mdl 64] Double Attack} 29. Bd3 Qxe3) 28. Rf1+ $1 $18 Kg7 29. Qa5 {aiming for Nd6.} Bxg2 30. Nd6 {Strongly threatening Nf5+.} ({Not} 30. Qc7 Bxf1 31. Qxd7+ Kh6 $11) 30... Qxh2 $2 {[#]} (30... Be4+ 31. Kd1 Bg6) 31. Qc7 $1 {[%cal Rc7d7][%mdl 512]} Be4+ {[#]} 32. Kd1 $1 {[%mdl 512] White mates.} Bc2+ {[#]} 33. Kc1 $1 {[%mdl 512]} Qxe2 34. Qxd7+ Kh6 35. Qh3+ Kg6 36. Qg3+ {Accuracy: White = 85%, Black = 63%.} 1-0

[Event "UZB-ch Men 2020"]
[Site "Tashkent"]
[Date "2020.03.15"]
[Round "5.2"]
[White "Saydaliev, Saidakbar"]
[Black "Artemenko, Oleg"]
[Result "1/2-1/2"]
[WhiteElo "2384"]
[BlackElo "2244"]
[Annotator "TA"]
[PlyCount "83"]
[EventDate "2020.03.11"]
[EventType "tourn"]
[EventCountry "UZB"]
[SourceTitle "playchess.com"]
[Source "ChessBase"]
[SourceQuality "1"]

{[%evp 10,83,22,4,37,27,61,12,48,41,36,12,17,0,18,0,7,-15,-15,-15,-15,-22,-13,-20,-11,-15,-8,-23,-23,-36,-22,-34,-30,-48,0,0,0,0,0,0,0,0,16,16,12,16,39,44,46,39,26,8,10,0,0,0,0,0,12,0,0,-8,-8,-8,-8,-8,-8,-8,-8,-8,-8,-8,-8,-20,-8,-8]} 1. e4 c5 2. Nf3 g6 3. c3 Bg7 4. d4 cxd4 5. cxd4 d5 6. exd5 Qxd5 {B27: Sicilian: 2 Nf3, unusual Black 2nd moves.} 7. Nc3 Qd6 8. Bc4 (8. Nb5 $5 {[%cal Rb5d6]} Qb6 9. Bf4 $16) 8... Nh6 {[#]} 9. O-O $146 ({Predecessor:} 9. Bxh6 Bxh6 10. O-O a6 11. a4 O-O 12. h3 Nc6 13. Ne4 Qf4 14. Re1 {0-1 (43) Stosic,J (1871)-Krsticevic,J (2000) Zadar 2013}) 9... O-O 10. Nb5 Qd8 11. Bf4 a6 12. Nc3 Bg4 13. h3 Bxf3 $1 14. Qxf3 (14. gxf3 Qc8 $17) 14... Nc6 15. d5 Nd4 16. Qd3 {[#] Hoping for Bxh6.} Nhf5 17. a3 Rc8 18. Rad1 Qb6 19. Rb1 Rfd8 20. Rfe1 {[#]} Ne6 $1 {[%mdl 512]} 21. Bh2 (21. dxe6 Rxd3) 21... Qd4 (21... Bd4 $5 {[%cal Rd4f2]} 22. Qe2 Rxc4 23. dxe6 Qxe6 $11) 22. dxe6 Qxd3 23. exf7+ Kf8 24. Bxd3 Rxd3 25. Be5 ({Much worse is} 25. g4 Nh4 $17) 25... Bf6 26. Bxf6 exf6 27. Rbd1 Rxd1 28. Rxd1 $11 {[%mdl 4096] Endgame KRN-KRN} Rc7 29. g4 Ne7 30. Rd6 f5 {The position is equal.} 31. gxf5 Nxf5 32. Rb6 Kxf7 33. Ne4 Ke7 34. Nf6 Kd8 35. Re6 {[%csl Gf6][%cal Re6e8]} (35. a4 {keeps more tension.} Nd4 36. Kg2 Nc6 37. Ne4 Ne5 38. Kg3) 35... Re7 36. Rxe7 Kxe7 37. Nxh7 {KN-KN} Nd6 38. Kf1 Nc4 39. b3 $1 {[%cal Rb3c4]} Nxa3 {aiming for ...Nb5.} 40. Ke2 Nb5 {And now ...Nd4+ would win.} 41. Kd3 Nd6 42. Kd4 {Accuracy: White = 96%, Black = 90%.} 1/2-1/2